Night and Day, Evening and Morning
| Main Author: | |
|---|---|
| Format: | Electronic Article |
| Language: | English |
| Check availability: | HBZ Gateway |
| Interlibrary Loan: | Interlibrary Loan for the Fachinformationsdienste (Specialized Information Services in Germany) |
| Published: |
2011
|
| In: |
The Bible translator
Year: 2011, Volume: 62, Issue: 3, Pages: 145-150 |
| Online Access: |
Presumably Free Access Volltext (lizenzpflichtig) |
| Parallel Edition: | Non-electronic
|
MARC
| LEADER | 00000caa a22000002c 4500 | ||
|---|---|---|---|
| 001 | 1776878140 | ||
| 003 | DE-627 | ||
| 005 | 20220919152129.0 | ||
| 007 | cr uuu---uuuuu | ||
| 008 | 211110s2011 xx |||||o 00| ||eng c | ||
| 024 | 7 | |a 10.1177/026009351106200302 |2 doi | |
| 035 | |a (DE-627)1776878140 | ||
| 035 | |a (DE-599)KXP1776878140 | ||
| 040 | |a DE-627 |b ger |c DE-627 |e rda | ||
| 041 | |a eng | ||
| 084 | |a 1 |2 ssgn | ||
| 100 | 1 | |e VerfasserIn |0 (DE-588)1045582743 |0 (DE-627)774604859 |0 (DE-576)185606601 |4 aut |a Steinmann, Andrew E. |d 1954- | |
| 109 | |a Steinmann, Andrew E. 1954- |a Steinmann, Andrew 1954- |a Steinmann, Andrew Erwin 1954- | ||
| 245 | 1 | 0 | |a Night and Day, Evening and Morning |
| 264 | 1 | |c 2011 | |
| 336 | |a Text |b txt |2 rdacontent | ||
| 337 | |a Computermedien |b c |2 rdamedia | ||
| 338 | |a Online-Ressource |b cr |2 rdacarrier | ||
| 773 | 0 | 8 | |i Enthalten in |t The Bible translator |d London : Sage, 1950 |g 62(2011), 3, Seite 145-150 |w (DE-627)74273854X |w (DE-600)2711965-8 |w (DE-576)38156942X |x 2051-6789 |7 nnas |
| 773 | 1 | 8 | |g volume:62 |g year:2011 |g number:3 |g pages:145-150 |
| 776 | |i Erscheint auch als |n Druckausgabe |w (DE-627)1650534051 |k Non-Electronic | ||
| 856 | |u https://journals.sagepub.com/doi/pdf/10.1177/026009351106200302 |x unpaywall |z Vermutlich kostenfreier Zugang |h publisher [open (via free pdf)] | ||
| 856 | 4 | 0 | |u https://doi.org/10.1177/026009351106200302 |x Resolving-System |z lizenzpflichtig |3 Volltext |7 1 |
| 935 | |a mteo |a BIIN | ||
| 951 | |a AR | ||
| BIB | |a 1 | ||
| ELC | |a 1 | ||
| ITA | |a 1 |t 1 | ||
| LOK | |0 000 xxxxxcx a22 zn 4500 | ||
| LOK | |0 001 400078479X | ||
| LOK | |0 003 DE-627 | ||
| LOK | |0 004 1776878140 | ||
| LOK | |0 005 20211110045125 | ||
| LOK | |0 008 211110||||||||||||||||ger||||||| | ||
| LOK | |0 035 |a (DE-Tue135)IxTheo#2021-08-08#5B42C2AC295361C374857F4B50D61F7176333A45 | ||
| LOK | |0 040 |a DE-Tue135 |c DE-627 |d DE-Tue135 | ||
| LOK | |0 092 |o n | ||
| LOK | |0 852 |a DE-Tue135 | ||
| LOK | |0 852 1 |9 00 | ||
| LOK | |0 935 |a ixzs |a ixrk |a zota | ||
| LOK | |0 939 |a 10-11-21 |b l01 | ||
| LOK | |0 000 xxxxxcx a22 zn 4500 | ||
| LOK | |0 001 4190008397 | ||
| LOK | |0 003 DE-627 | ||
| LOK | |0 004 1776878140 | ||
| LOK | |0 005 20220919152129 | ||
| LOK | |0 008 220919||||||||||||||||ger||||||| | ||
| LOK | |0 040 |a DE-Tue135-1 |c DE-627 |d DE-Tue135-1 | ||
| LOK | |0 852 |a DE-Tue135-1 | ||
| LOK | |0 852 1 |m p |9 00 | ||
| LOK | |0 852 2 |b www |9 00 | ||
| LOK | |0 85640 |u https://bibsearch.uibk.ac.at/permalink/f/1po5meu/UIB_alma51202933130003333 | ||
| LOK | |0 935 |a inzs | ||
| LOK | |0 938 |k p | ||
| LOK | |0 939 |a 19-09-22 |b l01 | ||
| OAS | |a 1 | ||
| ORI | |a SA-MARC-ixtheoa001.raw | ||
| SUB | |a BIB | ||